|
|
|
|
| LEADER |
00000nam a2200000 a 4500 |
| 001 |
vtls011702304 |
| 003 |
SK-MaSNL |
| 005 |
20260301140957.0 |
| 008 |
240313s2008 xr hoc e 000 0bcze |
| 015 |
|
|
|a SNBZSA2017/09
|
| 020 |
|
|
|a 9788087090152
|q (viazané)
|
| 035 |
|
|
|a urn:nbn:sk:snk-am00dhee
|
| 035 |
|
|
|a urn:nbn:sk:snk-am3i2c5
|
| 035 |
|
|
|a 08EF1C0D-C796-4E32-B83C-CE784D65AA82
|
| 040 |
|
|
|a SNK
|b slo
|c SNK
|e AACR2
|
| 041 |
0 |
|
|a cze
|
| 043 |
|
|
|a e-xr---
|
| 044 |
|
|
|a xr
|c CZ
|
| 072 |
|
7 |
|a 94(100)
|x Svetové dejiny
|2 konspekt
|
| 080 |
|
|
|a 329.17-051
|2 2011
|
| 080 |
|
|
|a 323.285
|2 2011
|
| 080 |
|
|
|a 323.285(437)"1942"
|2 2011
|
| 080 |
|
|
|a 323.25/.26:329.18
|2 2011
|
| 080 |
|
|
|a 94(100)"1939/1945"
|2 2011
|
| 080 |
|
|
|a 94(437.3)
|2 2011
|
| 080 |
|
|
|a (0:82-96)
|2 2011
|
| 100 |
1 |
|
|a Sýs, Karel,
|d 1946-2024
|4 aut
|9 189143
|
| 245 |
1 |
0 |
|a Akce Heydrich
|b příliš mnoho otazníků-
|c Karel Sýs
|
| 246 |
3 |
0 |
|a Příliš mnoho otazníků-
|
| 250 |
|
|
|a 2. vyd.
|
| 260 |
|
|
|a Mnichovice
|b BVD
|c 2008
|
| 300 |
|
|
|a 231 s., [32] s. obr. príl.
|b faksim., fotogr., portréty
|c 22 cm
|
| 600 |
1 |
7 |
|a Heydrich, Reinhard,
|d 1904-1942
|2 SNKPH
|9 218238
|
| 648 |
|
7 |
|a 1939-1945
|2 SNKPH
|9 281648
|
| 648 |
|
7 |
|a 1942
|2 SNK
|9 284108
|
| 650 |
0 |
7 |
|a nacisti
|2 SNKPH
|9 4838
|
| 650 |
0 |
7 |
|a Nazis
|2 SNKPHeng
|9 287316
|
| 650 |
0 |
7 |
|a atentáty
|2 SNKPH
|9 4299
|
| 650 |
0 |
7 |
|a Assassinations
|2 SNKPHeng
|9 310478
|
| 650 |
0 |
7 |
|a atentát na Heydricha (1942 : Praha, Česko)
|2 SNKPH
|9 145754
|
| 650 |
0 |
7 |
|a Assassination of Reinhard Heydrich, 1942
|2 SNKPHeng
|9 339906
|
| 650 |
0 |
7 |
|a protifašistický odboj
|2 SNKPH
|9 4751
|
| 650 |
0 |
7 |
|a Anti-fascist movements
|2 SNKPHeng
|9 265181
|
| 650 |
0 |
7 |
|a druhá svetová vojna (1939-1945)
|2 SNKPH
|9 169657
|
| 650 |
0 |
7 |
|a World War (1939-1945)
|2 SNKPHeng
|9 284172
|
| 651 |
|
7 |
|a Česko
|x dejiny
|2 SNKPH
|9 58420
|
| 651 |
|
7 |
|a Czech Republic
|x history
|2 SNKPHeng
|9 313106
|
| 655 |
|
7 |
|a literatúra faktu
|2 SNKPH
|9 70526
|
| 655 |
|
7 |
|a Non fiction
|2 SNKPHeng
|9 284535
|
| 919 |
|
|
|a 978-80-87090-15-2
|
| 958 |
|
|
|a ZS
|
| 958 |
|
|
|a NB
|
| 999 |
|
|
|c 765646
|d 767576
|
| 952 |
|
|
|a SNK
|b SNK
|y PREZ
|7 0
|p 17A1270353
|o snkSC 175892
|i snk2017/18257
|8 4
|g 10.47
|z 4. dotlač k 2. vyd. , r. 2008
|0 0
|1 0
|4 0
|d 2017-07-13
|f 1
|l 0
|r 2025-09-17 00:00:00
|w 2026-02-24
|